000 00424nam a22001337a 4500
008 200317b ||||| |||| 00| 0 eng d
082 _a610.28 JYP
100 _aJyothi , B. Jeevana
245 _aPractical Manual of Pharmaceutical Engineering
250 _a5th
_b2019
260 _aNew Delhi
_bNirali Prakashan
650 _aPharmaceutics- Drug Delivery Systems,Pharmaceutical Engineering regulraty Science
942 _2ddc
_cBK
999 _c8554
_d8554